Yüklüyor......

INDIAN COCOA ARECANUT AND SPICES JOURNAL

Detaylı Bibliyografya
Materyal Türü: Dergi
Dil:Undetermined
Baskı/Yayın Bilgisi: CALICUT DIRECTORATE OF COCOA ARECANUT AND SPICES 1994
LEADER 00406nas a2200109Ia 4500
008 140128s9999 xx 000 0 und d
245 |a INDIAN COCOA ARECANUT AND SPICES JOURNAL 
260 |a CALICUT  |b DIRECTORATE OF COCOA ARECANUT AND SPICES  |c 1994 
310 |a QUARTERLY 
942 |2 ddc  |c BV 
999 |c 16155  |d 16155 
952 |0 0  |1 0  |2 ddc  |4 0  |7 0  |9 22309  |a KAUCLV  |b KAUCLV  |d 2014-03-18  |h 18(1-2, 4)1994  |p 404036  |r 2014-03-18  |w 2014-03-18  |y BV